| 000 | 00355cam a2200121 a 4500 | ||
|---|---|---|---|
| 082 |
_a338.122095491 _bPAK |
||
| 245 | 1 | 0 | _aPakistan Motorway / |
| 260 |
_aIslamabad : _bNational Highway Authority Ministry of Communications _c1997. |
||
| 300 |
_a21 p. : _bill, _c22 cm. |
||
| 526 |
_a0 _b0 _c0 _d338_122095491000000_PAK |
||
| 650 |
_aMCE _9379 |
||
| 942 |
_2ddc _cBK |
||
| 999 |
_c543273 _d543273 |
||